Obálka Náhled e-knihy:
PDF Epub
Pro půjčování e-knih musíte být přihlášeni.
Jak si půjčit online?

Slova /

Román s dramatickou zápletkou vypráví příběh talentovaného, ale divokého hudebníka a dívky, která je především zodpovědná a svá. Zdá se, že protiklady se opravdu mohou přitahovat.

Uloženo v:
Hlavní autor: Jade, Ashley (Autor)
Další autoři: Žemličková, Klára (Autor)
Médium: E-kniha
Jazyk:Czech
Vydáno: Praha : Baronet, 2026
Vydání:1. vydání
Témata:
Tagy:
Žádné tagy
LEADER 02419nam a2200469 i 4500
001 312939
003 CZ PrSKC
005 20260601215731.0
007 ta
008 260402s2026 xr e 000 f cze
015 |a cnb003746638 
020 |a 9788026928348  |q (brožováno) :  |c Kč 499,00 
040 |a ABG001  |b cze  |e rda 
041 1 |a cze  |h eng 
072 7 |a 821.111(73)-3  |x Americká próza  |2 Konspekt 
080 |a 821.111(73)-31  |2 MRF 
080 |a (0:82-312.5)  |2 MRF 
080 |a (0:82-993)  |2 MRF 
100 1 |a Jade, Ashley  |7 xx0343662  |4 aut 
240 1 0 |a Words.  |l Česky 
245 1 0 |a Slova /  |c A. Jade ; z anglického originálu The words ... přeložila Klára Žemličková 
250 |a 1. vydání 
264 1 |a Praha :  |b Baronet,  |c 2026 
300 |a 671 stran ;  |c 20 cm 
336 |a text  |b txt  |2 rdacontent 
337 |a bez média  |b n  |2 rdamedia 
338 |a svazek  |b nc  |2 rdacarrier 
520 2 |a Román s dramatickou zápletkou vypráví příběh talentovaného, ale divokého hudebníka a dívky, která je především zodpovědná a svá. Zdá se, že protiklady se opravdu mohou přitahovat.  |b Slova dokážou cokoli. A já vím, jak se pomocí nich pomstít! Byl to talentovaný rebel, kterého všichni chtěli. Já byla bezvýznamná šprtka, kterou všichni nenáviděli. On byl předurčený k tomu, aby se stal hvězdou. Já jsem byla předurčena zůstat bezvýznamnou nýmandkou. Dokud mě nepřesvědčil, že jsem výjimečná... A pak mě zničil. Nakladatelská anotace. Kráceno. 
655 7 |a americké romány  |7 fd131796  |2 czenas 
655 7 |a milostné romány  |7 fd132840  |2 czenas 
655 7 |a erotické romány  |7 fd132211  |2 czenas 
655 9 |a American fiction  |2 eczenas 
655 9 |a love novels  |2 eczenas 
655 9 |a erotic novels  |2 eczenas 
700 1 |a Žemličková, Klára  |7 xx0177593  |4 trl 
710 2 |a Baronet (nakladatelství)  |7 xx0220126  |4 pbl 
900 |a ABA001  |b 20 
928 9 |a Albatros Media - Baronet 
044 |a xr 
910 |a RBIT002 
998 |d 425897  |a https://core.palmknihy.cz/api/books/425897/cover?tchl4l  |b https://core.palmknihy.cz/api/books/425897/cover/400?tchl4l  |c https://core.palmknihy.cz/api/books/425897/cover/50?tchl4l  |e 2029-11-20  |g 672  |i 9788026928348  |j https://core.palmknihy.cz/api/books/425897/preview.epub  |k https://core.palmknihy.cz/api/books/425897/preview.pdf  |l   |q 49  |r 1  |s https://www.palmknihy.cz/kniha/425897  |t ebook  |y 2026  |z 0 
999 |d 312937